000 01417nam a2200349 i 4500
001 000027207
003 DO-SdBNP
005 20241114093002.0
007 ta
008 110330s1992 dr 000 0 spa d
040 _aDO-SdBNP
_bspa
_cBNPHU
_erda
041 _aspa
082 4 _a972.9358
_bR696e 1992
_222
100 1 _aRodríguez Lora, Sebastián,
_eautor
_4aut.
_98611
245 1 0 _aEstampas de mi pueblo /
_cSebastián Rodríguez Lora ; prólogo, Carlos Grisolia Poloney ; epílogo, Rafael A. Brugal Paiewonsky.
250 _aTercera edición, aumentada
264 4 _aSanto Domingo :
_bEdiciones Cultura Puertoplateña,
_c1992.
300 _a663 páginas ;
_c21 cm.
336 _atexto
_btxt
_2rdacontent
337 _asin mediación
_bn
_2rdamedia
338 _avolumen
_bnc
_2rdacarrier
500 _aIncluye índice cronológico y alfabético.
500 _aIncluye referencias bibliográficas y notas al pie de las páginas.
590 _aInventariado, 2019/VM
650 4 _aCiudades y pueblos
_zRepública Dominicana
_xHistoria
_98393
651 4 _aPuerto Plata (República Dominicana{Rpara}
_xHistoria Local
_91943
651 4 _aPuerto Plata (República Dominicana{Rpara}
_xVida Social y costumbres
_923251
700 1 _aGrisolía Poloney, Carlos,
_eprologuista
_4pr.
_954274
700 1 _aBrugal Paiewonsky, Rafael A.
_954275
910 _aValidado. Control de calidad. MMOLINA
942 _2ddc
_cLBS1
999 _c26699
_d26699